Runescape F2P Locations - Statistics

General Stats
  • This quiz has been taken 224 times
  • The average score is 15 of 17
Answer Stats
Hint Answer % Correct
Home of the white knights Falador
99%
The home teleport spell takes you here Lumbridge
99%
Biggest city in the free to play world Varrock
98%
Vast terrain where other players can attack you Wilderness
97%
Located in the desert, home of Prince Ali Al Kharid
96%
From here you can travel to many places by boat Port Sarim
96%
Trading place of Gielinor Grand Exchange
94%
Located on the border of answer 8 Edgeville
90%
Island home to a banana plantation and volcano Karamja
90%
Big tower located on a peninsula Wizard's tower
85%
Big house where Ernest the Chicken takes place Draynor manor
84%
Village surrounded by a palisade, home to a savage people Barbarian Village
83%
Settlement that carries the same name as answer 11 Draynor village
83%
Home to ugly green creatures Goblin Village
82%
Settlement near Melzar's maze, contains a house portal Rimmington
81%
Island where Elvarg the dragon lives Crandor
72%
Located beneath this savage village Stronghold of Security
66%
No matching quizzes found
Score Distribution
Percent of People with Each Score
Percentile by Number Answered
Your Score History
You have not taken this quiz